000 01010nam a2200229 a 4500
001 BRCA_286
005 20190320202939.0
008 850822s1983 mx-a---##c---f000-0#spa-#
020 _a968580642X
040 _aDLC
_cDLC
_dDLC
050 4 _aHF5605
_b.C66 1983
245 1 0 _aLa contaduría pública
_bestudio de su génesis y de su evolución hasta nuestros días
_cMuseo Universitario de Ciencias y Arte ; Colegio de Contadores Públicos de México, Centro de Investigación y Servicios Museológicos, UNAM.
260 _aCiudad Universitaria, México
_c1983
300 _a143 p.
_bil.
_c25 cm.
500 _aCatálogo de la exposicón realizada en el Museo Universitario de Ciencias y Arte de la UNAM (Ciudad de México), octubre 1979- febrero 1980
500 _aIncluye índice de citas
504 _aBibliografía: p. 143
650 1 4 _aContabilidad
_xHistoria
_9960
650 1 4 _aContabilidad en el arte
_xExposiciones
_9961
710 2 _aUNAM
_bMuseo Universitario de Ciencias y Arte
_9962
942 _2lcc
_cB
999 _c230
_d230